000 00517nam a2200193Ia 4500
003 LDD
008 181029s9999 xx 000 0 und d
020 _a1412928990
_cP 375.00
040 _cLDD
100 _aClare, Thomas
245 0 _aCorporate governance and globalization
_cThomas Clare
260 _aNew Delhi
_bSage
_c2006
300 _a3v
365 _bP 375.00
901 _a3865
_b27-02-2007
902 _a11587
_b08-03-2007
_cF
_dGBH
_e38
903 _aDiscount-10
_bReqst by : Narasimham,
942 _2ddc
_cBK
999 _c78496
_d78496